Science Quiz

Random Science Quiz

Elul Lectures Quiz Stats

 Plays Quiz not verified by Sporcle

Score 0/27 Timer 15:00
0 Plays Today
x x % Correct
Primary lymphatic organs bone marrow and ________thymus
100%
Pulp in the spleen that consists of sheath of dense T-lymphocytes surrounding a central artery (PALS).White Pulp
100%
Agranulocyte that has a kidney shaped nucleus and is the largest type of leukocyte. 2-10% of WBC. Monocyte
92.9%
Granulocyte that has dark staining granules. Granules contain heparin, histamine, and hemotactic factors similar to mast granules. 0.5-1% of WBC in the blood.Basophil
92.9%
Granulocyte that has a bilobed nucleus and pink-orange staining granules. 1-5% of total WBC in the blood.Eosinophil
92.9%
Has specific clear granules in the cytoplasm and multilobed nucleus. 60-70% of WBC. Neutrophil
92.9%
T cells mature in the __________ of the thymus.cortex
92.9%
Lymph enters the lymph node through the _________ lymphatic vessels. afferent
92.9%
Subcapsular sinus, trabecular sinus, and medullary sinus are found in the medulla of this secondary lymphatic organ.lymph node
92.9%
Pulp in the spleen that consists of sinuses surrounded by cords of lymphocytes (cords of Billroth)Red Pulp
92.9%
Secondary lymphatic organ that does not have a cortex and medulla spleen
92.9%
CFU-GEMM gives rise to Granulocytes, Erythrocytes, Monocytes, and _________Megakaryocytes
92.9%
CFU-G gives rise to ___________Neutrophils
92.9%
Stage before Promonocyte.Monoblast
92.9%
x x % Correct
T cell rich area in the Lymph nodeParacortex
85.7%
T cell rich area in the spleenPALS
85.7%
Spleen filters this type of pathogen. blood borne
85.7%
Common precursor for all types of blood cells and is identified by CD34 on its surface.Pluripotent hematopoietic stem cell
85.7%
Specific granules can be resolved at this stage of Granulocytopoiesis.Myelocyte
85.7%
Stage before promyelocyte in Granulocytopoiesis.Myeloblast
85.7%
Stage after Orthochromatophilic erythroblast Reticulocyte
78.6%
Bone marrow that is not active in hemopoiesis has an abundance of these cellsAdipose cells
71.4%
Stage before Basophilic Erythroblast. Proerythroblast
71.4%
Signature feature of the medulla of the Thymus.Hassal's corpuscles
64.3%
Central artery in the white pulp branch into _________ arteries that enter the red pulp.penicillar
50%
Capsule surrounding the lymph node and thymus are made of ___________collagenous connective tissue.dense irregular
42.9%
Regulated by IL-3, IL-9, steel factor and erythropoietin.BFU-E
42.9%

You're not logged in!

Compare scores with friends on all Sporcle quizzes.
OR
Log In

Show Comments

Extras

Created Nov 21, 2010ReportNominate

Top Quizzes Today


Score Distribution

Your Account Isn't Verified!

In order to create a playlist on Sporcle, you need to verify the email address you used during registration. Go to your Sporcle Settings to finish the process.

Report this User

Report this user for behavior that violates our Community Guidelines.

Details: